Search Results
Showing Item 4 of 7
Available copies
- 9 of 9 copies available at Headquarters.
Current holds
0 current holds with 9 total copies.
| Location | Call Number / Copy Notes | Barcode | Shelving Location | Status | Due Date |
|---|---|---|---|---|---|
| Frafraha Library | 201 332.45/COY | 000001702194 | 300 - Social Issues, Fairy Tales, Folk Tales | Available | - |
| Frafraha Library | 201 332.45/COY | 000001702200 | 300 - Social Issues, Fairy Tales, Folk Tales | Available | - |
| Frafraha Library | 201 332.45/COY | 000001702217 | 300 - Social Issues, Fairy Tales, Folk Tales | Available | - |
| Frafraha Library | 201 332.45/COY | 000001702224 | 300 - Social Issues, Fairy Tales, Folk Tales | Available | - |
| Frafraha Library | 201 332.45/COY | 000001702231 | 300 - Social Issues, Fairy Tales, Folk Tales | Available | - |
| Frafraha Library | 201 332.45/COY | 000001702248 | 300 - Social Issues, Fairy Tales, Folk Tales | Available | - |
| Frafraha Library | 201 332.45/COY | 000001702255 | 300 - Social Issues, Fairy Tales, Folk Tales | Available | - |
| Frafraha Library | 201 332.45/COY | 000001702262 | 300 - Social Issues, Fairy Tales, Folk Tales | Available | - |
| Frafraha Library | 201 332.45/COY | 000001702279 | 300 - Social Issues, Fairy Tales, Folk Tales | Available | - |
Record details
- ISBN: 9780852974360
- Physical Description: Hardback
- Publisher: Kent Financial World Publishing 2004
Search for related items by subject
| Subject: | Currency Swaps |
| LDR | 00620cam a2200205Ka 4500 | ||
|---|---|---|---|
| 001 | 81504 | ||
| 003 | HQ | ||
| 005 | 20210611160414.0 | ||
| 008 | 070101s xxka er 0 eng d | ||
| 020 | . | ‡a9780852974360 | |
| 037 | . | ‡aGOG | |
| 082 | . | ‡a332.45/COY | |
| 100 | . | ‡aCoyle, Brian | |
| 245 | . | ‡aCurrency swaps | |
| 260 | . | ‡aKent ‡bFinancial World Publishing ‡c2004 | |
| 300 | . | ‡a Hardback | |
| 650 | . | ‡aCurrency Swaps | |
| 901 | . | ‡a81504 ‡bAUTOGEN ‡c81504 ‡tbiblio | |
Search Results
Showing Item 4 of 7

Add to basket
Permalink
Disable Highlighting